Statistics for Countries by a ChatGPT Description

Click here to take the quiz!

General Stats

  • This quiz has been taken 54 times
  • The average score is 15 of 16

Answer Stats

DescriptionCountry% Correct
Kangaroos, barbecues, and surfing.Australia
100%
Pyramids, pharaohs, and ancient history.Egypt
100%
Yoga, Bollywood, and spicy curries.India
100%
Vodka, cold winters, and ballet.Russia
100%
K-pop, kimchi, and advanced technology.South Korea
100%
Tea-drinking and rainy weather.United Kingdom
100%
Fast food and gun culture.United States
100%
Soccer-loving and samba-filled.Brazil
98%
Polite, hockey, and maple syrup.Canada
98%
IKEA and ABBASweden
98%
Colorful fiestas and spicy cuisine.Mexico
94%
Sunny and historic Mediterranean charm.Greece
90%
Tulips, windmills, and cycling culture.Netherlands
90%
Lush green landscapes and Guinness.Ireland
83%
Passionate and tango-loving culture.Argentina
81%
Beautiful Caribbean beaches and passionate baseball fans.Venezuela
58%

Score Distribution

Percentile by Number Answered

Percent of People with Each Score

Your Score History

You have not taken this quiz